Detalles MARC
| 000 -LIDER |
| fixed length control field |
01196nam a2200289 a 4500 |
| 001 - NÚMERO DE CONTROL |
| Identificador de número de control |
000007836 |
| 003 - IDENTIFICACDOR DE NÚMERO DE CONTROL |
| control field |
000007836 |
| 005 - DATE AND TIME OF LATEST TRANSACTION |
| control field |
20230705110033.0 |
| 008 - ELEMENTOS DE LONGITUD FIJA |
| fixed length control field |
090911s1976 dr 001 0 spa d |
| 040 ## - FUENTE DE CATALOGACIÓN |
| Agencia que crea de manera original el registro |
BPMSU |
| Idioma de catalogación |
spa |
| Agencia que realiza la transcripción |
BPMSU |
| 082 #4 - NÚMERO DE CLASIFICACIÓN DECIMAL DE DEWEY |
| Classification number |
R016.9729307294 |
| Item number |
P128b 1976 |
| Edition number |
22 |
| 100 1# - ASIENTO PRINCIPAL -- NOMBRE PERSONAL |
| Nombre personal |
Pagán Perdomo, Dato |
| 245 10 - MENCIÓN DE TITULO |
| Título |
Bibliografía geológica y paleontológica de la Isla de Santo Domingo : |
| Subtítulo |
República Dominicana - República de Haití / |
| Mención de responsabilidad |
Dato Pagán Perdomo ; edición Eridania Mir. |
| 260 ## - PUBLICACIÓN, DISTRIBUCIÓN, ETC. (PIE DE IMPRENTA) |
| Lugar de publicación, distribución, etc |
Santo Domingo : |
| -- |
Universidad Autónoma de Santo Domingo, |
| Fecha de publicación, distribución, etc |
1976. |
| 300 ## - DESCRIPCIÓN FÍSICA |
| Extensión |
219 p. ; |
| Dimensiones |
23 cm. |
| 490 0# - MENCIÓN DE SERIES |
| Mención de serie |
Publicaciones de la Universidad Autónoma de Santo Domingo; |
| -- |
Ciencia y tecnología |
| Volume/sequential designation |
212/4 |
| Campo enlazado y núm. de secuencia |
|
| 500 ## - NOTA GENERAL |
| Nota general |
Incluye datos biográficos del autor en la contracubierta |
| 500 ## - NOTA GENERAL |
| Nota general |
Incluye índice |
| 500 ## - NOTA GENERAL |
| Nota general |
Texto en español e inglés |
| 590 ## - NOTA LOCAL |
| Enlace |
Inventariado, 2023/VM |
| 650 #4 - ENCABEZAMIENTO DE MATERIA--TEMÁTICO |
| Término temático o nombre geográfico como elemento de entrada |
Geología |
| Subdivisión geográfica |
República Dominicana |
| Subdivisión de forma |
Bibliografías |
| 651 #4 - ENCABEZAMIENTO DE MATERIA--NOMBRE GEOGRÁFICO |
| Nombre geográfico |
Isla Española (Haití y República Dominicana) |
| Subdivisión de forma |
Bibliografías |
| 700 1# - ASIENTO SECUNDARIO -- NOMBRE PERSONAL |
| Nombre personal |
Mir, Eridania |
| Mención de responsabilidad |
ed. |
| 710 2# - ASIENTO SECUNDARIO -- NOMBRE CORPORATIVO |
| Nombre corporativo o de jurisdicción |
Universidad Autónoma de Santo Domingo |
| 910 ## - VALIDACIÓN |
| Validación |
VMateo V. Control de calidad (BPMSU) |
| 942 ## - ADDED ENTRY ELEMENTS (KOHA) |
| Source of classification or shelving scheme |
Dewey Decimal Classification |
| Koha item type |
Libros |